000
00215nam a22000857a 4500
008
170113b xxu||||| |||| 00| 0 eng d
100
_9
2405
_a
Misra.R.R.
245
_a
Chemistry manual-CCE-X
260
_a
New Delhi
_b
APC
_c
2011
999
_c
5436
_d
5436